📖150 premiers mots "Le pianiste" Wladyslaw Szpilman N°2 : chapitre 1 - Statistiques

Statistiques générales
  • Ce quiz a Ă©tĂ© pris 4 fois
  • Le rĂ©sultat moyen est 83 sur 150
Statistiques - réponses
Mots % Correct
Ă 
100%
Allemagne
100%
black-
100%
ce
100%
elle
100%
est-
100%
et
100%
il
100%
ils
100%
l'
100%
la
100%
le
100%
les
100%
les ...
100%
n'
100%
out
100%
pas?
100%
Pologne
100%
qu'
100%
un
100%
Varsovie
100%
1939,
75%
31
75%
août
75%
Au
75%
autres,
75%
bien
75%
conflit
75%
d'
75%
Dans
75%
de
75%
des
75%
était
75%
ĂȘtre,
75%
ĂȘtre
75%
guerre
75%
Hitler
75%
jour
75%
leur
75%
mĂȘme
75%
ne
75%
on
75%
par
75%
peu
75%
plus
75%
pour
75%
quand
75%
que
75%
qui
75%
soir
75%
tout
75%
toute
75%
avaient
50%
avec
50%
Car
50%
faisait
50%
longtemps.
50%
peut-
50%
temps
50%
total
50%
valait
50%
vécue,
50%
venu.
50%
vie
50%
abri
25%
assez
25%
belle
25%
certain
25%
chaque
25%
contre
25%
déjà
25%
depuis
25%
doute
25%
éclater
25%
horizon,
25%
inévitable.
25%
jusqu'
25%
persuadé
25%
pu
25%
affichée
0%
allait
0%
appartement,
0%
attaquer.
0%
calfeutrait
0%
Certes,
0%
Chez
0%
confinait
0%
croire
0%
détermination
0%
devrait
0%
dissuader
0%
encontre
0%
exigé
0%
existence
0%
finalement
0%
habitants
0%
illusion
0%
impénitents
0%
inconsciemment
0%
jouir
0%
logique,
0%
lurette
0%
malgré
0%
nourrir
0%
opportunisme
0%
optimistes
0%
permettre
0%
piĂšce
0%
pieux
0%
pur
0%
servir
0%
Seuls
0%
simple :
0%
soigneusement
0%
tarderait
0%
vƓu
0%
voulaient
0%
Aucun quiz correspondant
Distribution des résultats
% des personnes avec chaque résultat
Percentile par nombre de réponses
Votre historique - résultats
Vous n’avez pas pris ce quiz